000 01028cam a2200313 a 4500
001 4890068
003 OSt
005 20210426110815.0
008 931104s1994 nyu b 001 0 eng
010 _a 93043542
020 _a0151957479 :
_c$29.95 ($39.95 Can.)
040 _aDLC
_cDLC
_dDLC
050 0 0 _aPN81
_b.B545 1993
080 _a821.111
_bB-67
082 0 0 _a809
_220
100 1 _aBloom, Harold.
245 1 4 _aThe Western canon :
_bthe books and school of the ages /
_cHarold Bloom.
250 _a1st ed.
260 _aNew York :
_bHarcourt Brace,
_cc1994.
300 _aviii, 578 p. ;
_c25 cm.
500 _aIncludes index.
650 0 _aCanon (Literature)
650 0 _aLiterature
_xHistory and criticism.
653 _aინგლისური ლიტერატურა
906 _a7
_bcbc
_corignew
_d1
_eocip
_f19
_gy-gencatlg
942 _2udc
_cBK
999 _c947
_d947